[Event "MARCEL 1st Div Ch-League 2019"]
[Site "Dhaka"]
[Date "2019.11.18"]
[Round "7.11"]
[White "Suvankar Maity"]
[Black "Nayem, Haque"]
[Result "1/2-1/2"]
[WhiteElo "1795"]
[BlackElo "1875"]
[Annotator "NA RC"]
[PlyCount "44"]
[EventDate "2019.11.12"]
[EventCountry "BAN"]
[SourceTitle "playchess.com"]
[Source "ChessBase"]
[SourceQuality "1"]
[TimeControl "5400+30"]

{[%evp 8,40,55,34,32767,32767,78,32767,32767,44,58,3,-5,3,32767,-6,-3,-5,-13,-29,0,-18,27,-20,1,-12,0,0,0,1,0,-8,6,0,0]} 1. e4 {[%emt 1:30:30]} d5 2. exd5 {[%emt 0:00:30]} Qxd5 {[%emt 1:31:00]} 3. Nc3 {[%emt 0:00:30]} Qa5 {[%emt 0:00:30]} 4. d4 {[%emt 0:00:30]} c6 {[%emt 0:00:30]} 5. Bc4 {[%emt 0:00:30]} Nf6 {[%emt 0:00:30]} 6. Nge2 {[%emt 0:00:30]} Bg4 {[%emt 0:00:30]} 7. f3 {[%emt 0:00:30] B01: Scandinavian Defence} Bf5 {[%emt 0:00:30]} (7... Bd7 8. Bd2 Qd8 9. Bg5 h6 10. Bh4 Bf5 11. O-O g5 12. Bf2 e6 13. Ng3 Bg6 14. Bd3 Bxd3 15. Qxd3 {1-0 (27) Sevian,S (2531)-Kritz,L (2583) Richardson 2015}) 8. O-O {[%emt 0:00:30]} e6 {[%emt 0:00:30]} 9. Bd3 {[%emt 0:00:30]} Bxd3 $146 {[%emt 0:00:30]} ({Predecessor:} 9... Be7 10. Bd2 Bxd3 11. cxd3 Qd8 12. Ne4 Nbd7 13. Kh1 O-O {1-0 (32) Holzberg,G (1952)-David,A (1772) Radebeul 2016}) 10. Qxd3 {[%emt 0:00:30]} Be7 {[%emt 0:00:30]} 11. a3 {[%emt 0:00:30]} Nbd7 {[%emt 0:00:30]} 12. Ne4 {[%emt 0:00:30]} O-O {[%emt 0:00:30]} 13. Be3 {[%emt 0:00:30]} Qd8 {[%emt 0:00:30]} 14. c4 {[%emt 0:00:30]} Nxe4 {[%emt 0:00:30]} 15. Qxe4 {[%emt 0:00:30]} Bd6 {[%emt 0:00:30]} 16. Rfd1 {[%emt 0:00:30]} Qc7 {[%emt 0:00:30]} 17. Bf4 {[%emt 0:00:30]} Nf6 {[%emt 0:00:30]} 18. Bxd6 {[%emt 0:00:30]} Qxd6 {[%emt 0:00:30]} 19. Qe5 {[%emt 0:00:30]} Rad8 {[%emt 0:00:30]} 20. Nc3 {[%emt 0:00:30]} Rd7 $11 {[%emt 0:00:30]} 21. Kf2 {[%emt 0:00:30]} Rdd8 {[%emt 0:00:30]} 22. Kg1 {[%emt 0:00:30]} Rd7 {[%emt 0:00:30]} 1/2-1/2

[Event "MARCEL 1st Div Ch-League 2019"]
[Site "Dhaka"]
[Date "2019.11.18"]
[Round "7.12"]
[White "Islam, Sheik Md. Khairul"]
[Black "Parvej, Nahid Sagar"]
[Result "1/2-1/2"]
[WhiteElo "1966"]
[BlackElo "1976"]
[Annotator "NA RC"]
[PlyCount "29"]
[EventDate "2019.11.12"]
[EventCountry "BAN"]
[SourceTitle "playchess.com"]
[Source "ChessBase"]
[SourceQuality "1"]
[TimeControl "5400+30"]

{[%evp 8,29,6,8,10,13,25,5,20,0,0,-6,0,32767,32767,32767,32767,32767,32767,32767,32767,32767,32767,0]} 1. e4 {[%emt 1:30:30]} e6 {[%emt 1:30:30]} 2. Nf3 {[%emt 0:00:30]} d5 3. exd5 {[%emt 0:00:30]} exd5 {[%emt 0:01:00]} 4. d4 {[%emt 0:00:30]} Bd6 {[%emt 0:00:30]} 5. Bd3 {[%emt 0:00:30]} Ne7 {[%emt 0:00:30]} 6. O-O {[%emt 0:00:30]} O-O {[%emt 0:00:30]} 7. Bg5 {[%emt 0:00:30]} f6 {[%emt 0:00:30]} 8. Bh4 {[%emt 0:00:30]} c6 {[%emt 0:00:30]} 9. c3 {[%emt 0:00:30]} Bf5 {[%emt 0:00:30]} 10. Re1 {[%emt 0:00:30]} Bxd3 {[%emt 0:00:30]} 11. Qxd3 {[%emt 0:00:30]} Ng6 {[%emt 0:00:30]} 12. Nbd2 {[%emt 0:00:30]} Na6 {[%emt 0:00:30]} 13. Qc2 {[%emt 0:00:30]} Nc7 {[%emt 0:00:30]} 14. Qd3 {[%emt 0:00:30]} Na6 {[%emt 0:00:30]} 15. Qc2 $11 {[%emt 0:00:30]} 1/2-1/2

[Event "MARCEL 1st Div Ch-League 2019"]
[Site "Dhaka"]
[Date "2019.11.19"]
[Round "8.1"]
[White "Suvradeepta, Das"]
[Black "Rahman, Almasur"]
[Result "1-0"]
[WhiteElo "1997"]
[BlackElo "1958"]
[Annotator "NA"]
[PlyCount "133"]
[EventDate "2019.11.12"]
[EventCountry "BAN"]
[SourceTitle "playchess.com"]
[Source "ChessBase"]
[SourceQuality "1"]
[TimeControl "5400+30"]

{[%evp 8,133,29,32767,38,16,27,32767,12,37,32767,22,43,0,39,27,35,-31,32767,32767,32767,32767,32767,32767,32767,50,32767,32767,32767,55,32767,48,57,67,59,45,60,21,92,16,24,32767,27,-13,54,45,60,34,97,58,45,49,56,50,45,38,30,39,70,89,82,31,43,21,12,12,9,21,22,2,16,0,0,0,34,32,46,55,81,87,95,110,110,93,116,118,32767,32767,32767,32767,32767,32767,32767,32767,32767,125,124,118,136,128,134,154,136,145,154,128,169,127,170,161,132,153,166,158,241,262,537,602,568,717,754,925,592,767,952,1495,1800,4794]} 1. c4 {[%emt 0:00:00]} c5 {[%emt 0:00:32]} 2. Nf3 {[%emt 0:02:26]} Nc6 {[%emt 0:00:59]} 3. g3 {[%emt 0:00:47]} Nf6 {[%emt 0:00:57]} 4. Bg2 {[%emt 0:00:13]} g6 {[%emt 0:00:53]} 5. O-O {[%emt 0:00:21]} Bg7 {[%emt 0:00:09]} 6. d4 {[%emt 0:00:12]} cxd4 {[%emt 0:00:53]} 7. Nxd4 {[%emt 0:00:02]} O-O {[%emt 0:00:21]} 8. Nc3 {[%emt 0:00:04]} Nxd4 {[%emt 0:01:24]} 9. Qxd4 {[%emt 0:00:03]} d6 {[%emt 0:00:11]} 10. Rd1 {[%emt 0:03:57]} Ng4 {[%emt 0:03:51]} 11. Qd2 {[%emt 0:01:17]} Qb6 {[%emt 0:03:02] A39: Symmetrical English vs ...g6: 4 Bg2 Bg7 5 Nf3 Nf6 6 0-0 0-0 7 d4} (11... Be6 12. b3 {½-½ (12) Mrdja,M (2279)-Djuric,S (2358) Cesenatico 2019}) 12. Qe1 $146 {[%emt 0:15:51]} ({Better is Predecessor:} 12. e3 $14 Ne5 13. b3 Bg4 14. Re1 Nf3+ 15. Bxf3 Bxf3 16. Bb2 Qa5 17. Qd3 Qh5 18. e4 f5 19. exf5 Rxf5 {½-½ (59) Zaruski,J (1835)-Dotta,G (1910) Montevideo 2018}) 12... Be6 {[%emt 0:02:29]} 13. h3 {[%emt 0:01:28]} Ne5 {[%emt 0:03:15]} 14. b3 {[%emt 0:00:17]} Rac8 {[%emt 0:06:46]} 15. Be3 {[%emt 0:01:55]} Qa6 {[%emt 0:03:22]} 16. Bd4 {[%emt 0:00:17]} Nc6 {[%emt 0:01:41]} 17. Bxg7 {[%emt 0:00:10]} Kxg7 {[%emt 1:07:45]} 18. Qd2 {[%emt 1:09:40]} Qa5 {[%emt 0:00:00]} 19. Rac1 {[%emt 0:00:00]} Qh5 {[%emt 0:00:00]} 20. h4 {[%emt 0:01:00]} Qe5 {[%emt 0:01:30]} 21. Ne4 {[%emt 0:00:00]} h6 {[%emt 0:00:30]} 22. c5 {[%emt 0:00:00]} d5 {[%emt 0:00:00]} (22... dxc5 $11 {remains equal.} 23. Nxc5 (23. Rxc5 Rfd8 $11) 23... Rfd8 24. Nxe6+ Qxe6 25. Qb2+ Qf6 26. Qxf6+ Kxf6) 23. Nc3 {[%emt 0:01:30]} (23. f4 $5 {[%cal Rf4e5]} Qh5 24. Nf2 $14) 23... Rfd8 {[%emt 0:01:30]} 24. Nb5 {[%emt 0:00:30]} a6 {[%emt 0:00:00]} 25. Nc3 {[%emt 0:00:00]} Nb8 {[%emt 0:01:00]} (25... d4 $11 26. Na4 Bg4) 26. Na4 {[%emt 0:01:00]} ({Of course not} 26. Nxd5 Bxd5 27. Bxd5 e6 $17) ({Weaker is} 26. Bxd5 Rxc5 27. e4 Bg4 $17) 26... Nd7 {[%emt 0:01:30]} 27. b4 {[%emt 0:00:30]} ({Weaker is} 27. Bxd5 Nf6 $17) (27. f4 $5 {[%cal Rf4e5]} Qc7 28. Qe3 $14) 27... Kh7 {[%emt 0:00:30]} 28. Bf3 {[%emt 0:00:30]} ({And not} 28. Bxd5 Nf6 $17) 28... f5 {[%emt 0:00:30]} 29. Qf4 {[%emt 0:00:30]} ({Wrong is} 29. Bxd5 $2 Nf6 $19) 29... Qxf4 {[%emt 0:00:00]} 30. gxf4 {[%emt 0:00:30]} Nf6 $1 {[%emt 0:01:00]} 31. Rd4 {[%emt 0:00:30]} Bf7 {[%emt 0:00:00]} 32. Nb6 {[%emt 0:00:30]} Rb8 {[%emt 0:00:00]} 33. e3 {[%emt 0:00:30]} e6 {[%emt 0:01:30]} 34. Kf1 {[%emt 0:00:30]} Be8 {[%emt 0:00:30]} 35. Ke1 {[%emt 0:00:00]} Nd7 {[%emt 0:00:30]} 36. Nxd7 {[%emt 0:01:00]} Bxd7 {[%emt 0:00:00]} 37. Be2 {[%emt 0:00:30]} Kg7 {[%emt 0:01:00]} 38. f3 {[%emt 0:00:00]} Bc6 {[%emt 0:00:30]} 39. Kf2 {[%emt 0:01:00]} Kf6 {[%emt 0:01:00]} 40. Ra1 {[%emt 0:00:30]} Bb5 {[%emt 0:00:30]} 41. a4 {[%emt 0:00:00]} Bxe2 {[%emt 0:00:00]} 42. Kxe2 {[%emt 0:01:00]} Rdc8 {[%emt 0:01:00]} 43. a5 {[%emt 0:00:00]} Rd8 {[%emt 0:00:30]} 44. Rd2 {[%emt 0:01:00]} Rbc8 {[%emt 0:00:00]} 45. Kd3 {[%emt 0:00:30]} Rc7 {[%emt 0:00:00]} 46. Kd4 {[%emt 0:00:30]} Rdd7 {[%emt 0:02:00]} 47. Rb1 {[%emt 0:00:30]} Rd8 {[%emt 0:00:30]} 48. Rdb2 {[%emt 0:00:30]} Ra8 {[%emt 0:00:30]} 49. Rd2 {[%emt 0:00:30]} Rc6 {[%emt 0:00:00]} 50. Rg1 {[%emt 0:00:30]} Rc7 {[%emt 0:00:00]} 51. Rc2 {[%emt 0:00:30]} Rac8 {[%emt 0:00:00]} 52. Rgc1 {[%emt 0:01:00]} Rc6 {[%emt 0:00:00]} 53. Rb1 {[%emt 0:00:00]} Ra8 {[%emt 0:00:30]} 54. b5 {[%emt 0:00:30]} axb5 55. Rxb5 Rc7 {[%emt 0:00:00]} 56. Kc3 {[%emt 0:01:30]} Ke7 {[%emt 0:00:00]} 57. Kb4 {[%emt 0:00:00]} Rg8 {[%emt 0:00:00]} (57... Rd8 $16) 58. Rg2 {[%emt 0:00:00]} Kf6 {[%emt 0:00:00]} 59. Rb6 {[%emt 0:00:00]} Rgc8 {[%emt 0:01:00] [#]} 60. Rc2 $1 {[%emt 0:01:00]} Ke7 {[%emt 0:00:00]} (60... Re7 {was called for.} 61. c6 bxc6 62. Rcxc6 (62. Rbxc6 Rb7+ 63. Kc5 Rcb8 $14) 62... Rxc6 63. Rxc6 g5) 61. Kb5 {[%emt 0:00:00]} Kf7 $2 {[%emt 0:01:00]} (61... Rd8 62. c6 bxc6+ 63. Rcxc6 Rxc6 64. Rxc6 (64. Kxc6 d4 $16) 64... g5 65. hxg5 hxg5 66. fxg5 f4) 62. c6 {[%emt 0:00:30]} bxc6+ {[%emt 0:00:00]} 63. Rcxc6 {[%emt 0:00:00]} Rxc6 {[%emt 0:00:00]} 64. Rxc6 {[%emt 0:00:00]} Rb8+ {[%emt 0:00:00]} 65. Rb6 $18 {[%emt 0:00:00]} Rc8 {[%emt 0:00:00]} 66. a6 {[%emt 0:00:00]} Rc1 {[%emt 0:00:00]} 67. a7 {[%emt 0:00:00]} 1-0

[Event "MARCEL 1st Div Ch-League 2019"]
[Site "Dhaka"]
[Date "2019.11.19"]
[Round "8.2"]
[White "Mohammad, Shameem"]
[Black "Sarbojit Paul"]
[Result "1/2-1/2"]
[WhiteElo "2015"]
[BlackElo "2074"]
[Annotator "NA RC"]
[PlyCount "36"]
[EventDate "2019.11.12"]
[EventCountry "BAN"]
[SourceTitle "playchess.com"]
[Source "ChessBase"]
[SourceQuality "1"]
[TimeControl "5400+30"]

{[%evp 8,26,16,17,22,0,11,32767,32767,0,0,-10,-17,-34,-29,-54,32767,32767,32767,32767,0]} 1. d4 {[%emt 0:00:00]} d5 {[%emt 0:00:22]} 2. Nf3 {[%emt 0:00:00]} Nf6 {[%emt 0:00:10]} 3. g3 {[%emt 0:00:00]} c6 {[%emt 0:01:01]} 4. Bg2 {[%emt 0:00:04]} Bg4 {[%emt 0:00:11]} 5. Ne5 {[%emt 0:00:20]} Bf5 {[%emt 0:00:37]} 6. c4 {[%emt 0:00:13]} e6 {[%emt 0:00:08]} 7. O-O {[%emt 0:00:24]} Nbd7 {[%emt 0:00:49]} 8. Qb3 {[%emt 0:03:31]} Qb6 {[%emt 0:02:43]} 9. Qxb6 {[%emt 0:01:56]} axb6 {[%emt 0:00:51]} 10. cxd5 {[%emt 0:00:34]} exd5 {[%emt 0:00:32]} 11. Nc3 {[%emt 0:00:12]} Bd6 {[%emt 0:11:15]} 12. Bf4 {[%emt 0:01:06]} Bxe5 {[%emt 0:01:39]} 13. dxe5 {[%emt 0:03:59]} Ne4 $11 {[%emt 0:08:11]} 14. Nxe4 {[%emt 1:24:41]} dxe4 {[%emt 1:08:31]} 15. Rfd1 {[%emt 0:00:30]} Nc5 {[%emt 0:00:30]} 16. Rd2 {[%emt 0:00:30]} Nd7 17. Rdd1 {[%emt 0:00:30]} Nc5 18. Rd2 Nd7 {[%emt 0:01:30]} 1/2-1/2

[Event "MARCEL 1st Div Ch-League 2019"]
[Site "Dhaka"]
[Date "2019.11.19"]
[Round "8.3"]
[White "Anisuzzaman, Jewel"]
[Black "Habibur Rahman, Sohel"]
[Result "1-0"]
[WhiteElo "1852"]
[BlackElo "1841"]
[Annotator "NA"]
[PlyCount "51"]
[EventDate "2019.11.12"]
[EventCountry "BAN"]
[SourceTitle "playchess.com"]
[Source "ChessBase"]
[SourceQuality "1"]
[TimeControl "5400+30"]

{[%evp 8,47,6,0,1,0,32767,32767,20,10,46,39,37,32767,34,39,39,22,32767,45,51,45,53,69,81,30,35,39,97,32767,173,128,152,148,176,-1,185,152,184,183,198,189]} 1. c4 {[%emt 0:00:00]} c5 {[%emt 0:00:00]} 2. Nc3 {[%emt 0:00:00]} Nc6 {[%emt 0:00:17]} 3. g3 {[%emt 0:00:38]} g6 {[%emt 0:00:29]} 4. Bg2 {[%emt 0:00:04]} Bg7 {[%emt 0:00:16]} 5. Nf3 {[%emt 0:00:05]} d6 {[%emt 0:01:01]} 6. O-O {[%emt 0:00:08]} Nf6 {[%emt 0:01:04]} 7. d4 {[%emt 0:05:26]} cxd4 {[%emt 0:03:18]} 8. Nxd4 {[%emt 0:09:11]} Nxd4 {[%emt 0:00:56]} 9. Qxd4 {[%emt 0:00:02]} O-O {[%emt 0:00:28]} 10. b3 {[%emt 0:04:10]} a6 {[%emt 0:05:10]} 11. Bb2 {[%emt 0:01:28]} Rb8 {[%emt 0:04:25]} 12. Rfd1 {[%emt 0:06:12] A39: Symmetrical English vs ...g6: 4 Bg2 Bg7 5 Nf3 Nf6 6 0-0 0-0 7 d4} (12. Rac1 Ng4 13. Qd2 Qa5 14. h3 Nf6 15. Rfd1 Qh5 16. g4 Qh4 17. Nd5 Nxd5 18. Bxg7 Kxg7 19. cxd5 f5 {½-½ (53) Gopal,G (2580)-Belyakov,B (2456) Doha 2014}) 12... b6 {[%emt 0:04:01]} 13. Nd5 {[%emt 0:07:00]} Bb7 {[%emt 0:02:33]} 14. Rac1 {[%emt 0:09:34]} Bxd5 $146 {[%emt 0:06:01]} ({Predecessor:} 14... Ne8 15. Qd2 Bxb2 16. Qxb2 e6 17. Ne3 Bxg2 18. Kxg2 Qc7 19. Ng4 f6 {½-½ (28) Schwarz,M-Prouza,P Svetla nad Sazavou 1998}) 15. cxd5 {[%emt 0:03:22]} Rc8 {[%emt 0:05:00]} 16. Bh3 {[%emt 0:05:55]} Rc5 {[%emt 0:02:34]} 17. e4 {[%emt 0:02:02]} Qc7 {[%emt 0:02:37]} (17... Nh5 $11 18. Qd2 Bxb2 19. Qxb2 a5) 18. b4 {[%emt 0:02:09]} Rc2 {[%emt 0:03:38] [#]} (18... Nh5 $16 19. Qd2 Bxb2 20. Qxb2 (20. bxc5 Bxc1 21. cxd6 Qxd6 $16) 20... Rc4) 19. Qd3 $1 {[%emt 0:00:27]} Rxc1 {[%emt 0:01:30]} 20. Rxc1 {[%emt 0:02:04]} ({Much less strong is} 20. Bxc1 $6 b5 $16) 20... Qb7 {[%emt 0:01:35]} 21. Rc6 $2 {[%emt 0:00:53]} ({White should play} 21. a4 $18) 21... b5 $2 {[%emt 0:06:52]} (21... Nxd5 $1 $11 {and Black is okay.} 22. exd5 (22. Bxg7 Nxb4 {[%mdl 64] Double Attack} 23. Qd2 Nxc6 $17) 22... Bxb2) 22. Bd4 {[%emt 0:04:15]} Ra8 {[%emt 0:02:07]} 23. Be3 {[%emt 0:03:28]} h5 {[%emt 0:05:51] [#]} 24. Qc2 $18 {[%emt 0:00:58]} Ne8 {[%emt 0:12:39]} 25. Bc8 {[%emt 0:00:32]} Qb8 {[%emt 0:01:19]} 26. Bxa6 {[%emt 0:00:17]} 1-0

[Event "MARCEL 1st Div Ch-League 2019"]
[Site "Dhaka"]
[Date "2019.11.19"]
[Round "8.4"]
[White "Sharmin, Samiha Shimmi"]
[Black "Sacchu, Afzal Hossain"]
[Result "0-1"]
[WhiteElo "1853"]
[BlackElo "1996"]
[Annotator "NA"]
[PlyCount "196"]
[EventDate "2019.11.12"]
[EventCountry "BAN"]
[SourceTitle "playchess.com"]
[Source "ChessBase"]
[SourceQuality "1"]
[TimeControl "5400+30"]

{[%evp 11,176,27,32767,18,64,25,46,31,38,25,31,32767,0,-24,-14,-11,32767,-29,-13,-15,0,-27,-43,-37,-34,-97,-105,-106,-108,-111,-113,-100,-67,-63,-62,-89,-94,-104,-91,32767,32767,32767,32767,32767,32767,32767,32767,-116,-111,-107,-70,-76,-62,-46,-57,-83,-63,-75,-66,-97,-91,-97,-30,-32,-47,-47,-30,-20,-17,-85,-75,-63,-63,-92,-68,-135,-135,-187,-165,-49,-49,-122,-52,-52,-29,-55,-56,32767,32767,32767,32767,-14,0,-47,-47,-35,-50,-50,-51,-49,-45,-43,-47,-14,-43,-50,-43,-48,-45,-40,-16,-14,-15,-17,-22,-43,-36,-46,-47,-49,-14,-46,-47,-46,-25,-25,-45,-25,-20,0,0,-43,-43,-39,-43,-21,-37,-47,32767,32767,-47,-50,32767,32767,32767,32767,32767,32767,32767,32767,-27,-47,-35,32767,32767,32767,32767,32767,32767,32767,32767,32767,32767,32767,32767,32767,-4133]} 1. e4 {[%emt 1:30:30]} c5 {[%emt 0:00:00]} 2. c3 {[%emt 0:00:00]} d5 {[%emt 0:01:36]} 3. exd5 {[%emt 0:00:00]} Qxd5 {[%emt 0:00:46]} 4. d4 {[%emt 0:01:30]} e6 {[%emt 0:01:42]} 5. Nf3 {[%emt 0:00:00]} Nf6 {[%emt 0:01:41]} 6. Na3 {[%emt 0:00:00]} cxd4 {[%emt 0:02:07]} 7. Nb5 {[%emt 0:00:00]} Qd8 {[%emt 0:03:29]} 8. Nbxd4 {[%emt 0:00:00] B22: Sicilian: 2 c3} (8. Qxd4 $16 Nbd7 (8... Qxd4 9. Nfxd4 Na6 10. Bf4 Bc5 11. Be2 O-O 12. O-O Re8 13. Nd6 Bxd6 14. Bxd6 e5 15. Nb5 Ne4 16. Ba3 Bd7 17. f3 {1-0 (32) Liascovich,L (2503)-Varela,G (2402) Villa Martelli 2016}) 9. Nd6+ Bxd6 10. Qxd6) 8... Be7 {[%emt 0:04:19]} 9. Be2 {[%emt 0:00:00]} O-O {[%emt 0:00:26]} 10. O-O {[%emt 0:00:00]} b6 {[%emt 0:07:57]} 11. a3 $146 {[%emt 0:00:00]} ({Predecessor:} 11. Ne5 Bb7 12. Bf3 Qc8 13. Re1 Re8 14. Bf4 Nd5 15. Bg3 Nd7 16. Be4 Nxe5 17. Bxe5 {1-0 (37) Mahdy,K (2395)-Pilaj,H (2362) Vienna 2010}) 11... Bb7 {[%emt 0:01:50]} 12. b4 {[%emt 0:00:00]} Nc6 {[%emt 0:03:13]} 13. Nxc6 {[%emt 0:00:00]} Bxc6 {[%emt 0:00:05]} 14. Bb2 {[%emt 0:00:00]} Qc7 {[%emt 0:05:12]} 15. Qb3 {[%emt 0:00:00]} Rfd8 {[%emt 0:02:41]} 16. Rfd1 {[%emt 0:00:00]} Ng4 {[%emt 0:03:55]} 17. h3 {[%emt 0:00:00]} Ne5 {[%emt 0:02:44]} 18. Nd4 {[%emt 0:00:00]} Bd5 {[%emt 0:02:03]} 19. Qc2 {[%emt 0:00:00]} Nc4 {[%emt 0:01:34]} 20. Bxc4 {[%emt 0:00:00]} Qxc4 {[%emt 0:01:04]} 21. Qe2 {[%emt 0:00:00]} Rdc8 {[%emt 0:05:54]} 22. Qxc4 {[%emt 0:00:00]} Rxc4 {[%emt 0:00:18]} 23. Nc2 {[%emt 0:00:00]} Rc7 {[%emt 0:02:14]} 24. Ne3 {[%emt 0:00:00]} Bb3 {[%emt 0:00:26]} 25. Rd3 {[%emt 0:00:00]} b5 {[%emt 0:01:19]} 26. Rc1 {[%emt 0:00:00]} Rac8 {[%emt 0:00:44]} 27. Nc2 {[%emt 0:00:00]} Bg5 {[%emt 0:01:40]} 28. Ne3 {[%emt 0:00:00]} h5 {[%emt 0:00:58]} 29. g3 {[%emt 0:00:00]} Be7 {[%emt 0:03:55]} 30. Kg2 {[%emt 0:03:00]} Ra8 {[%emt 0:01:18]} 31. c4 {[%emt 0:04:57]} Bxc4 $1 {[%emt 0:00:26]} 32. Nxc4 {[%emt 0:00:15]} bxc4 {[%emt 0:00:47]} 33. Rdd1 {[%emt 0:00:24]} Rac8 {[%emt 0:03:11]} 34. Bc3 {[%emt 0:00:17]} g5 {[%emt 0:04:05]} 35. a4 {[%emt 0:01:07] [#]} a6 $1 {[%emt 0:00:51]} 36. Rb1 {[%emt 0:02:50]} Rb7 {[%emt 0:01:06]} ({Black should play} 36... Kh7 $17) 37. b5 {[%emt 0:00:47]} axb5 {[%emt 0:02:44]} 38. Rxb5 {[%emt 0:00:03]} Rxb5 {[%emt 0:00:56]} 39. axb5 {[%emt 0:03:50]} Rb8 {[%emt 0:00:44]} 40. Rd4 {[%emt 0:00:00]} (40. Rb1 $1 $11) 40... Bf6 {[%emt 0:01:09]} 41. Rxc4 {[%emt 0:00:00]} Bxc3 {[%emt 0:00:27]} 42. Rxc3 {[%emt 0:00:00]} Rxb5 {[%emt 0:00:03]} 43. g4 {[%emt 0:00:00]} (43. Rc4 $15) 43... Kg7 {[%emt 0:00:58]} 44. gxh5 {[%emt 0:00:00]} Kh6 {[%emt 0:01:13]} 45. Rc8 {[%emt 0:00:03]} Kxh5 {[%emt 0:00:48]} 46. Rh8+ $1 {[%emt 0:00:03]} Kg6 {[%emt 0:00:49]} 47. h4 {[%emt 0:00:16]} Kg7 {[%emt 0:00:38]} 48. Rh5 $1 {[%emt 0:00:25]} f6 {[%emt 0:00:38]} 49. f3 {[%emt 0:01:07]} Ra5 {[%emt 0:01:42]} 50. Kf2 {[%emt 0:00:47]} Rf5 {[%emt 0:00:53]} 51. hxg5 {[%emt 0:01:18]} Rxg5 {[%emt 0:00:47]} 52. Rh1 {[%emt 0:00:20]} Kg6 {[%emt 0:00:46]} 53. Rh4 {[%emt 0:00:21]} Kf5 {[%emt 0:00:46]} 54. Ke3 {[%emt 0:00:29]} Rg1 {[%emt 0:01:30]} 55. Rf4+ {[%emt 0:00:27]} Kg5 {[%emt 0:00:17]} 56. Ra4 {[%emt 0:00:24]} Re1+ {[%emt 0:00:50]} 57. Kf2 {[%emt 0:00:17]} Rd1 {[%emt 0:00:19]} 58. Ke3 {[%emt 0:01:06]} Rd5 {[%emt 0:01:01]} 59. Rg4+ {[%emt 0:00:27]} Kf5 {[%emt 0:00:04]} 60. Rf4+ {[%emt 0:00:07]} Ke5 {[%emt 0:00:13]} 61. Re4+ {[%emt 0:00:33]} Kd6 {[%emt 0:00:01]} 62. Ra4 {[%emt 0:00:34]} Rb5 {[%emt 0:00:54]} 63. Ra6+ {[%emt 0:00:57]} Ke5 {[%emt 0:00:09]} 64. Ra4 {[%emt 0:00:21]} Rb3+ {[%emt 0:00:11]} 65. Ke2 {[%emt 0:00:27]} Kf5 {[%emt 0:00:09]} 66. Rc4 {[%emt 0:00:37]} e5 {[%emt 0:00:45]} 67. Ra4 {[%emt 0:00:51]} Rc3 {[%emt 0:01:38]} 68. Rb4 {[%emt 0:00:14]} Ra3 {[%emt 0:00:16]} 69. Rc4 {[%emt 0:00:14]} Ke6 {[%emt 0:00:20]} 70. Rc6+ {[%emt 0:00:13]} Kf5 {[%emt 0:00:01]} 71. Rc4 {[%emt 0:00:07]} Ra2+ {[%emt 0:00:35]} 72. Ke3 {[%emt 0:00:12]} Rh2 {[%emt 0:23:10]} 73. Ra4 {[%emt 0:03:43]} Rg2 {[%emt 0:00:00]} 74. Ra8 {[%emt 0:00:00]} Rg7 {[%emt 0:00:00]} 75. Ra4 {[%emt 0:00:00]} Rb7 {[%emt 0:00:00]} 76. Rc4 {[%emt 0:00:00]} Rb3+ {[%emt 0:00:00]} 77. Ke2 {[%emt 0:00:00]} Rb2+ {[%emt 0:00:00]} 78. Ke3 {[%emt 0:00:00]} Kg5 {[%emt 0:00:00]} 79. Rg4+ {[%emt 0:00:22]} Kf5 {[%emt 0:00:00]} 80. Ra4 {[%emt 0:00:07]} Rb6 {[%emt 0:00:00]} 81. Rc4 {[%emt 0:00:19]} Ke6 {[%emt 0:00:00]} 82. Ra4 {[%emt 0:01:05]} f5 {[%emt 0:00:00]} 83. Rc4 {[%emt 0:01:16]} Rb2 {[%emt 0:00:00]} 84. Rc3 {[%emt 0:01:14]} f4+ {[%emt 0:00:00]} 85. Kd3 {[%emt 0:00:10]} Rf2 {[%emt 0:00:00]} 86. Kc4 {[%emt 0:00:27]} Kf5 {[%emt 0:00:00]} 87. Rd3 {[%emt 0:00:35]} Re2 {[%emt 0:00:00]} 88. Kc3 {[%emt 0:00:31]} Kg5 $19 {[%emt 0:00:00]} 89. Kc4 {[%emt 0:00:43]} Kh4 {[%emt 0:00:00]} 90. Kc3 {[%emt 0:00:44]} Kg3 {[%emt 0:00:00]} 91. Kc4 {[%emt 0:00:21]} Re3 {[%emt 0:00:00]} 92. Rd8 {[%emt 0:00:56]} Kxf3 {[%emt 0:00:00]} 93. Re8 {[%emt 0:00:16]} Ke2 {[%emt 0:00:00]} 94. Ra8 {[%emt 0:00:23]} f3 {[%emt 0:00:00]} 95. Ra2+ {[%emt 0:00:08]} Kf1 {[%emt 0:00:00]} 96. Ra1+ {[%emt 0:00:51]} Kg2 {[%emt 0:00:00]} 97. Ra8 {[%emt 0:00:17]} f2 {[%emt 0:00:00]} 98. Rg8+ {[%emt 0:00:08]} Rg3 {[%emt 0:00:00]} 0-1